| 000 | 00570nam a2200181Ia 4500 | ||
|---|---|---|---|
| 008 | 090123s9999 xx 000 0 und d | ||
| 082 |
_b2995 _a923.254/दिक्षित |
||
| 100 | _aदिक्षित म.श्री. | ||
| 245 | _aनेपोलियन | ||
| 250 | _a1 | ||
| 260 | _bकेसरी मुद्रणालय | ||
| 300 | _a284 | ||
| 600 | _aदिक्षित म.श्री. | ||
| 630 | _aनेपोलियन | ||
| 700 | _aदिक्षित म.श्री. | ||
| 730 | _aनेपोलियन | ||
| 942 | _cBOOK | ||
| 999 |
_c41075 _d41075 |
||